Score 0/7 Timer 03:00
0 Plays Today
Question Answer Wrong Answers
The teddy bear, named for this US president, is first sold.
1903
Theodore Roosevelt
97.1%
Abraham Lincoln
1.1%
James Monroe
0.6%
Rutherford B. Hayes
0.6%
Leon Spinks beats this famous boxer, who was born Cassius Clay, for the heavyweight boxing title.
1978
Muhammad Ali
90.8%
Joe Louis
1.1%
Joe Frazier
2.5%
Sugar Ray Robinson
2.5%
This creator of 'The Simpsons' and 'Futurama' is born.
1954
Matt Groening
81.2%
Seth MacFarlane
10.4%
Trey Parker
3.7%
Mike Judge
2.1%
The 58th Grammy Awards is held; '1989' by this artist wins Album of the Year.
2016
Taylor Swift
77%
Lady Gaga
11%
Selena Gomez
3.2%
Ariana Grande
5.4%
'Take the A Train' is first recorded by this Jazz musician.
1941
Duke Ellington
57.9%
Louis Armstrong
16.6%
Ella Fitzgerald
8%
Miles Davis
15.8%
This Disney film, which features the song 'A Dream Is a Wish Your Heart Makes', is released.
1950
Cinderella
52.7%
Snow White and the Seven Dwarfs
13.8%
Sleeping Beauty
23.4%
Mary Poppins
7.9%
This US state, which is the fourth smallest, becomes the last northern state to abolish slavery.
1804
New Jersey
36.9%
New York
3.1%
Massachusetts
16.4%
Connecticut
43.5%
Remove Ads.
Support Sporcle.
Get the best of Sporcle when you Go Orange. This ad-free experience offers more features, more stats, and more fun while also helping to support Sporcle. Thank you for becoming a member.

You're not logged in!

Compare scores with friends on all Sporcle quizzes.
OR
Log In

Show Comments

Extras

Top Quizzes Today


Score Distribution

Your Account Isn't Verified!

In order to create a playlist on Sporcle, you need to verify the email address you used during registration. Go to your Sporcle Settings to finish the process.

Report this User

Report this user for behavior that violates our Community Guidelines.

Details: